Rozvoj sítě jednotek rychlého stravování

Na minha lista:
Detalhes bibliográficos
Autor principal: Svobodová, Jiřina
Formato: Livro
Idioma:tcheco
Publicado em: Praha Výzkumný ústav obchodu 1984
Colecção:Knižnice VÚO č. 175
Tags: Adicionar Tag
Sem tags, seja o primeiro a adicionar uma tag!

MARC

LEADER 00000nam a2200000 4500
001 c114040
005 20041019155157.5
041 0 |a cze 
044 |a CZ 
245 1 0 |a Rozvoj sítě jednotek rychlého stravování  |c Jiřina Svobodová 
264 1 |a Praha  |b Výzkumný ústav obchodu  |c 1984 
300 |a 36 s. 
490 1 |a Knižnice VÚO  |v č. 175 
830 0 |a Knižnice VÚO  |v č. 175 
100 1 |a Svobodová, Jiřina